Statistics for World's Longest Words

Click here to take the quiz!

General Stats

  • This quiz has been taken 15 times
  • The average score is 3 of 6

Answer Stats

DefinitionAnswer% Correct
Any opposition to withdrawing government support of a particular church or religion.Antidisestablishmentarianism
80%
A lung disease contracted from the inhalation of very fine silica particlesPneumonoultramicroscopicsilicovolcanoconiosis
70%
Mary Poppins described it as the word to use “when you have nothing to say.”Supercalifragilisticexpialidocious
60%
The estimation of something as valueless.Floccinaucinihilipilification
40%
A mild form that simulates the symptoms of the disorder but isn’t associated with abnormal levels of calcium and phosphorus in the blood.Pseudopseudohypoparathyroidism
40%
A twenty-seven-letter record holding word that means “with honorableness.”Honorificabilitudinitatibus
30%

Score Distribution

Percentile by Number Answered

Percent of People with Each Score

Your Score History

You have not taken this quiz